000 00949nam1a22002171i 4500
001 rc\2318936
005 20240726102216.0
035 _a(NLR Aleph) 006470566
090 _a5930810
_c5930810
100 _a20110829d1977 |||y0rusy50 ca
101 0 _arus
102 _aRU
105 _ay z |||||
200 1 _aКомплексная программа научно-технического прогресса и его социально-экономических последствий
_eДоп. материалы, обоснования и расчеты к сводному документу
_eПроект
_eТ. 12-
_fАН СССР. Гос. ком. Совета Министров СССР по науке и технике. Акад. мед. наук СССР
210 _aМосква
_cБ. и.
_d1977
215 _d20
333 _aДСП
801 0 _aRU
_bNLR
_gpsbo
801 1 _aRU
_bELAR
_2rusmarc
852 _aNLR
_j77-50К/3933
942 _cBOOK